000 00336nam a22001457a 4500
008 210428b ||||| |||| 00| 0 eng d
020 _a2901256561650
041 _aeng
080 _a54
082 _a54
100 _a12
101 _aKIM
245 _aCatalyst the pearson custom library for chemistry
_cPearson,
942 _2udc
_cBK
999 _c56878
_d56878